|
|
|
|
| LEADER |
03957nam a22004333i 4500 |
| 001 |
EBC7244646 |
| 003 |
MiAaPQ |
| 005 |
20231204023228.0 |
| 006 |
m o d | |
| 007 |
cr cnu|||||||| |
| 008 |
231204s2022 xx o ||||0 eng d |
| 020 |
|
|
|a 9781000545524
|q (electronic bk.)
|
| 020 |
|
|
|z 9780367415235
|
| 035 |
|
|
|a (MiAaPQ)EBC7244646
|
| 035 |
|
|
|a (Au-PeEL)EBL7244646
|
| 035 |
|
|
|a (OCoLC)1346786280
|
| 040 |
|
|
|a MiAaPQ
|b eng
|e rda
|e pn
|c MiAaPQ
|d MiAaPQ
|
| 100 |
1 |
|
|a Wu, Chung-Tong.
|
| 245 |
1 |
0 |
|a Postsocialist Shrinking Cities.
|
| 250 |
|
|
|a 1st ed.
|
| 264 |
|
1 |
|a Milton :
|b Taylor & Francis Group,
|c 2022.
|
| 264 |
|
4 |
|c ©2022.
|
| 300 |
|
|
|a 1 online resource (393 pages)
|
| 336 |
|
|
|a text
|b txt
|2 rdacontent
|
| 337 |
|
|
|a computer
|b c
|2 rdamedia
|
| 338 |
|
|
|a online resource
|b cr
|2 rdacarrier
|
| 490 |
1 |
|
|a Routledge Contemporary Perspectives on Urban Growth, Innovation and Change Series
|
| 505 |
0 |
|
|a Cover -- Half Title -- Series Page -- Title Page -- Copyright Page -- Contents -- List of Figures -- List of Tables -- Acknowledgements -- Contributors -- PART I: Shrinkage in the postsocialist countries: Concepts and theory -- 1. Introduction: Urban shrinkage in the postsocialist realm -- 2. Postsocialist shrinking cities in a triple geopolitical and socioeconomic context -- PART II: China -- 3. Introduction to the China section -- 4. Population shrinkage in resource-dependent cities of China during transition period -- 5. Examining the economic growth trajectories of China's resource-exhausted cities from 1995 to 2018 within the framework of urban shrinkage -- 6. Two sides of the same coin: City growth and shrinkage in rapidly urbanizing southern China -- 7. Shrinkage under growth: A case study of regional shrinkage in Wuhan, China -- 8. Urban shrinkage in the double periphery: Insights from the Sino-Russian borderland -- PART III: Russia -- 9. Introduction to the Russia section -- 10. Urban shrinkage in Russia: Concepts and causes of urban population loss in the post-Soviet period -- 11. Diverse landscape of urban and regional shrinkage in Russia: Preconditions versus preconceptions in planning and policy -- 12. The transformation of local labor markets in shrinking cities in Russia from 2010 to 2017 -- 13. Giving birth in dying towns: Healthcare shrinkage in a depopulating Russian region -- 14. Review of spatial planning instruments in a Russian shrinking city: The case of Kirovsk in the Murmansk region -- PART IV: Postsocialist Europe -- 15. Introduction to the Postsocialist Europe section -- 16. Shrinking cities in postsocialist countries of Central-Eastern and South-Eastern Europe: A general and comparative overview -- 17. Shrinking cities in Poland.recent trends of change and emerging policy responses.
|
| 505 |
8 |
|
|a 18. Coping with shrinkage in old and young mining cities in Slovakia: The cases of Banská Štiavnica and Prievidza -- 19. Why is Ostrava in Czechia still shrinking? -- 20. Drivers, consequences, and governance of urban shrinkage in Lithuania: The case of Šiauliai -- PART V: Conclusions, policy implications and research -- 21. Postsocialist Shrinking Cities: Policy themes and future research -- Index.
|
| 588 |
|
|
|a Description based on publisher supplied metadata and other sources.
|
| 590 |
|
|
|a Electronic reproduction. Ann Arbor, Michigan : ProQuest Ebook Central, 2023. Available via World Wide Web. Access may be limited to ProQuest Ebook Central affiliated libraries.
|
| 655 |
|
4 |
|a Electronic books.
|
| 700 |
1 |
|
|a Gunko, Maria.
|
| 700 |
1 |
|
|a Stryjakiewicz, Tadeusz.
|
| 700 |
1 |
|
|a Zhou, Kai.
|
| 776 |
0 |
8 |
|i Print version:
|a Wu, Chung-Tong
|t Postsocialist Shrinking Cities
|d Milton : Taylor & Francis Group,c2022
|z 9780367415235
|
| 797 |
2 |
|
|a ProQuest (Firm)
|
| 830 |
|
0 |
|a Routledge Contemporary Perspectives on Urban Growth, Innovation and Change Series
|
| 856 |
4 |
0 |
|u https://ebookcentral.proquest.com/lib/matrademy/detail.action?docID=7244646
|z Click to View
|